[Event "DEM U10w 2025"]
[Site "Willingen GER"]
[Date "2025.06.08"]
[Round "2"]
[White "Hleizer, Ahata"]
[Black "Kandora, Shirley"]
[Result "0-1"]
[Termination "normal"]
[Board "4"]
[WhiteElo "1594"]
[BlackElo "1579"]
[WhiteClock "01:20:15"]
[BlackClock "00:39:36"]
[PlyCount "208"]
[WhiteFideId "34643370"]
[BlackFideId "533016038"]
[EventCountry "GER"]
[EventRounds "9"]
[EventType "swiss"]
[EventDate "2025.06.07"]

1. e4 {[%clk 01:30:58]} {[%emt 00:00:02]} e5 {[%clk 01:30:51]} {[%emt
00:00:09]} 2. Nf3 {[%clk 01:31:16]} {[%emt 00:00:12]} Nc6 {[%clk 01:31:13]}
{[%emt 00:00:08]} 3. Nc3 {[%clk 01:31:33]} {[%emt 00:00:12]} Nf6 {[%clk
01:31:35]} {[%emt 00:00:08]} 4. d4 {[%clk 01:31:50]} {[%emt 00:00:14]} exd4
{[%clk 01:31:50]} {[%emt 00:00:14]} 5. Nxd4 {[%clk 01:32:08]} {[%emt 00:00:12]}
Bc5 {[%clk 01:31:58]} {[%emt 00:00:23]} 6. Be3 {[%clk 01:32:23]} {[%emt
00:00:15]} Bb6 {[%clk 01:32:08]} {[%emt 00:00:20]} 7. Nxc6 {[%clk 01:29:52]}
{[%emt 00:03:01]} dxc6 {[%clk 01:27:11]} {[%emt 00:05:26]} 8. Qxd8+ {[%clk
01:29:25]} {[%emt 00:00:57]} Kxd8 {[%clk 01:27:34]} {[%emt 00:00:07]} 9. Bc4
{[%clk 01:29:01]} {[%emt 00:00:54]} Bxe3 {[%clk 01:24:59]} {[%emt 00:03:05]}
10. Rd1+ {[%clk 01:27:59]} {[%emt 00:01:33]} Ke8 {[%clk 01:22:49]} {[%emt
00:02:40]} 11. fxe3 {[%clk 01:28:08]} {[%emt 00:00:21]} Bg4 {[%clk 01:20:58]}
{[%emt 00:02:19]} 12. Rd3 {[%clk 01:25:48]} {[%emt 00:02:51]} Rd8 {[%clk
01:18:46]} {[%emt 00:02:42]} 13. Rxd8+ {[%clk 01:23:35]} {[%emt 00:02:43]} Kxd8
{[%clk 01:18:56]} {[%emt 00:00:21]} 14. Bxf7 {[%clk 01:23:48]} {[%emt
00:00:17]} Ke7 {[%clk 01:17:41]} {[%emt 00:01:42]} 15. Bc4 {[%clk 01:23:59]}
{[%emt 00:00:21]} Rd8 {[%clk 01:17:42]} {[%emt 00:00:28]} 16. Bd3 {[%clk
01:23:47]} {[%emt 00:00:43]} b5 {[%clk 01:17:40]} {[%emt 00:00:32]} 17. b4
{[%clk 01:22:08]} {[%emt 00:02:09]} Kd6 {[%clk 01:12:23]} {[%emt 00:05:48]} 18.
h3 {[%clk 01:19:51]} {[%emt 00:02:47]} Be6 {[%clk 01:10:44]} {[%emt 00:02:07]}
19. O-O {[%clk 01:15:00]} {[%emt 00:05:23]} c5 {[%clk 01:08:02]} {[%emt
00:03:11]} 20. Nxb5+ {[%clk 01:14:39]} {[%emt 00:00:51]} Kc6 {[%clk 01:07:39]}
{[%emt 00:00:52]} 21. bxc5 {[%clk 01:14:37]} {[%emt 00:00:34]} Kxc5 {[%clk
01:07:46]} {[%emt 00:00:22]} 22. Nxc7 {[%clk 01:12:43]} {[%emt 00:02:24]} Bxa2
{[%clk 01:06:36]} {[%emt 00:01:40]} 23. Ra1 {[%clk 01:12:42]} {[%emt 00:00:31]}
Bc4 {[%clk 01:06:25]} {[%emt 00:00:33]} 24. Ra5+ {[%clk 01:12:09]} {[%emt
00:01:10]} Kb6 {[%clk 01:04:16]} {[%emt 00:02:31]} 25. Ra3 {[%clk 01:11:20]}
{[%emt 00:01:28]} Bxd3 {[%clk 01:02:33]} {[%emt 00:02:13]} 26. Nd5+ {[%clk
01:10:14]} {[%emt 00:01:37]} Nxd5 {[%clk 01:01:39]} {[%emt 00:01:24]} 27. Rxd3
{[%clk 01:10:24]} {[%emt 00:00:20]} Kc5 {[%clk 01:01:24]} {[%emt 00:00:42]} 28.
Rd4 {[%clk 01:09:32]} {[%emt 00:01:22]} a5 {[%clk 00:58:12]} {[%emt 00:03:44]}
29. c4 {[%clk 01:08:58]} {[%emt 00:01:04]} a4 {[%clk 00:56:33]} {[%emt
00:02:10]} 30. cxd5 {[%clk 01:09:16]} {[%emt 00:00:11]} a3 {[%clk 00:56:19]}
{[%emt 00:00:45]} 31. Ra4 {[%clk 01:09:31]} {[%emt 00:00:14]} Re8 {[%clk
00:56:19]} {[%emt 00:00:30]} 32. Kf2 {[%clk 01:09:31]} {[%emt 00:00:29]} Rf8+
{[%clk 00:56:17]} {[%emt 00:00:33]} 33. Ke2 {[%clk 01:09:52]} {[%emt 00:00:10]}
Re8 {[%clk 00:54:06]} {[%emt 00:02:41]} 34. Rxa3 {[%clk 01:08:44]} {[%emt
00:01:37]} Rxe4 {[%clk 00:54:03]} {[%emt 00:00:33]} 35. Kf3 {[%clk 01:08:03]}
{[%emt 00:01:11]} Re7 {[%clk 00:52:54]} {[%emt 00:01:37]} 36. e4 {[%clk
01:08:18]} {[%emt 00:00:18]} Rf7+ {[%clk 00:52:48]} {[%emt 00:00:35]} 37. Ke2
{[%clk 01:08:05]} {[%emt 00:00:43]} Kd4 {[%clk 00:52:06]} {[%emt 00:01:06]} 38.
Re3 {[%clk 01:08:09]} {[%emt 00:00:32]} Ke5 {[%clk 00:51:02]} {[%emt 00:01:29]}
39. g3 {[%clk 01:07:02]} {[%emt 00:01:42]} h5 {[%clk 00:48:31]} {[%emt
00:03:01]} 40. Kd3 {[%clk 01:06:53]} {[%emt 00:00:38]} g5 {[%clk 00:47:51]}
{[%emt 00:01:11]} 41. g4 {[%clk 01:06:53]} {[%emt 00:00:30]} hxg4 {[%clk
00:47:39]} {[%emt 00:00:42]} 42. hxg4 {[%clk 01:06:30]} {[%emt 00:00:52]} Rf4
{[%clk 00:47:27]} {[%emt 00:00:39]} 43. d6 {[%clk 01:05:40]} {[%emt 00:01:24]}
Kxd6 {[%clk 00:47:32]} {[%emt 00:00:25]} 44. e5+ {[%clk 01:06:00]} {[%emt
00:00:11]} Ke6 {[%clk 00:47:04]} {[%emt 00:00:57]} 45. Re4 {[%clk 01:06:08]}
{[%emt 00:00:22]} Rf3+ {[%clk 00:38:41]} {[%emt 00:08:53]} 46. Kd4 {[%clk
01:06:25]} {[%emt 00:00:13]} Rf7 {[%clk 00:37:03]} {[%emt 00:02:07]} 47. Kc5
{[%clk 01:06:17]} {[%emt 00:00:39]} Rc7+ {[%clk 00:37:11]} {[%emt 00:00:22]}
48. Kb6 {[%clk 01:06:34]} {[%emt 00:00:14]} Rd7 {[%clk 00:37:01]} {[%emt
00:00:38]} 49. Kc6 {[%clk 01:05:32]} {[%emt 00:01:29]} Rd5 {[%clk 00:37:02]}
{[%emt 00:00:28]} 50. Kc7 {[%clk 01:05:07]} {[%emt 00:01:01]} Rxe5 {[%clk
00:37:06]} {[%emt 00:00:25]} 51. Rd4 {[%clk 01:05:32]} {[%emt 00:00:05]} Re3
{[%clk 00:35:30]} {[%emt 00:02:03]} 52. Kd8 {[%clk 01:05:35]} {[%emt 00:00:31]}
Ke5 {[%clk 00:35:35]} {[%emt 00:00:23]} 53. Rb4 {[%clk 01:05:20]} {[%emt
00:00:45]} Re4 {[%clk 00:35:34]} {[%emt 00:00:32]} 54. Rb5+ {[%clk 01:05:10]}
{[%emt 00:00:41]} Kf4 {[%clk 00:35:34]} {[%emt 00:00:28]} 55. Kd7 {[%clk
01:04:56]} {[%emt 00:00:45]} Kxg4 {[%clk 00:35:37]} {[%emt 00:00:27]} 56. Kd6
{[%clk 01:05:17]} {[%emt 00:00:08]} Kf4 {[%clk 00:35:04]} {[%emt 00:01:00]} 57.
Rb7 {[%clk 01:05:42]} {[%emt 00:00:09]} Kf3 {[%clk 00:34:51]} {[%emt 00:00:43]}
58. Rg7 {[%clk 01:05:59]} {[%emt 00:00:12]} g4 {[%clk 00:35:06]} {[%emt
00:00:16]} 59. Kd5 {[%clk 01:06:13]} {[%emt 00:00:17]} Re2 {[%clk 00:34:38]}
{[%emt 00:00:54]} 60. Rf7+ {[%clk 01:06:22]} {[%emt 00:00:24]} Kg2 {[%clk
00:34:18]} {[%emt 00:00:49]} 61. Rg7 {[%clk 01:06:42]} {[%emt 00:00:11]} g3
{[%clk 00:34:07]} {[%emt 00:00:41]} 62. Kd4 {[%clk 01:07:00]} {[%emt 00:00:12]}
Kf2 {[%clk 00:33:30]} {[%emt 00:01:06]} 63. Rf7+ {[%clk 01:07:19]} {[%emt
00:00:12]} Kg1 {[%clk 00:33:32]} {[%emt 00:00:27]} 64. Rg7 {[%clk 01:07:40]}
{[%emt 00:00:10]} g2 {[%clk 00:33:22]} {[%emt 00:00:40]} 65. Kd3 {[%clk
01:07:26]} {[%emt 00:00:44]} Kf1 {[%clk 00:32:40]} {[%emt 00:01:10]} 66. Rg6
{[%clk 01:07:28]} {[%emt 00:00:28]} Ra2 {[%clk 00:32:07]} {[%emt 00:01:03]} 67.
Rf6+ {[%clk 01:07:27]} {[%emt 00:00:33]} Rf2 {[%clk 00:32:10]} {[%emt
00:00:26]} 68. Rc6 {[%clk 01:07:23]} {[%emt 00:00:36]} g1=Q {[%clk 00:31:36]}
{[%emt 00:01:03]} 69. Rc1+ {[%clk 01:07:50]} {[%emt 00:00:04]} Kg2 {[%clk
00:31:31]} {[%emt 00:00:33]} 70. Rxg1+ {[%clk 01:08:11]} {[%emt 00:00:11]} Kxg1
{[%clk 00:31:35]} {[%emt 00:00:25]} 71. Ke3 {[%clk 01:08:36]} {[%emt 00:00:05]}
Kf1 {[%clk 00:31:05]} {[%emt 00:01:00]} 72. Kd3 {[%clk 01:08:57]} {[%emt
00:00:09]} Ke1 {[%clk 00:30:52]} {[%emt 00:00:41]} 73. Ke3 {[%clk 01:09:19]}
{[%emt 00:00:10]} Ra2 {[%clk 00:31:07]} {[%emt 00:00:15]} 74. Kd3 {[%clk
01:09:42]} {[%emt 00:00:07]} Rh2 {[%clk 00:29:44]} {[%emt 00:01:53]} 75. Kc3
{[%clk 01:10:02]} {[%emt 00:00:10]} Kd1 {[%clk 00:30:05]} {[%emt 00:00:09]} 76.
Kb3 {[%clk 01:10:18]} {[%emt 00:00:14]} Kc1 {[%clk 00:30:24]} {[%emt 00:00:11]}
77. Ka3 {[%clk 01:10:40]} {[%emt 00:00:08]} Kb1 {[%clk 00:30:46]} {[%emt
00:00:09]} 78. Kb3 {[%clk 01:10:54]} {[%emt 00:00:16]} Rh3+ {[%clk 00:31:07]}
{[%emt 00:00:08]} 79. Kc4 {[%clk 01:11:19]} {[%emt 00:00:05]} Kc2 {[%clk
00:31:19]} {[%emt 00:00:18]} 80. Kd4 {[%clk 01:11:43]} {[%emt 00:00:06]} Ra3
{[%clk 00:31:24]} {[%emt 00:00:26]} 81. Ke4 {[%clk 01:12:01]} {[%emt 00:00:12]}
Kd2 {[%clk 00:31:45]} {[%emt 00:00:09]} 82. Kf4 {[%clk 01:12:24]} {[%emt
00:00:06]} Ke2 {[%clk 00:32:08]} {[%emt 00:00:08]} 83. Kg4 {[%clk 01:12:47]}
{[%emt 00:00:06]} Kf2 {[%clk 00:32:30]} {[%emt 00:00:08]} 84. Kh4 {[%clk
01:13:13]} {[%emt 00:00:04]} Kg2 {[%clk 00:32:50]} {[%emt 00:00:11]} 85. Kg4
{[%clk 01:13:36]} {[%emt 00:00:07]} Ra4+ {[%clk 00:33:11]} {[%emt 00:00:09]}
86. Kf5 {[%clk 01:13:53]} {[%emt 00:00:12]} Kf3 {[%clk 00:33:27]} {[%emt
00:00:14]} 87. Ke5 {[%clk 01:14:18]} {[%emt 00:00:06]} Rh4 {[%clk 00:33:44]}
{[%emt 00:00:12]} 88. Kd5 {[%clk 01:14:37]} {[%emt 00:00:11]} Ke3 {[%clk
00:34:07]} {[%emt 00:00:07]} 89. Kc5 {[%clk 01:14:52]} {[%emt 00:00:16]} Kd3
{[%clk 00:34:29]} {[%emt 00:00:07]} 90. Kb5 {[%clk 01:15:15]} {[%emt 00:00:07]}
Kc3 {[%clk 00:34:51]} {[%emt 00:00:09]} 91. Ka5 {[%clk 01:15:40]} {[%emt
00:00:05]} Kb3 {[%clk 00:35:14]} {[%emt 00:00:06]} 92. Kb5 {[%clk 01:16:04]}
{[%emt 00:00:06]} Rh5+ {[%clk 00:35:37]} {[%emt 00:00:07]} 93. Kc6 {[%clk
01:16:29]} {[%emt 00:00:05]} Kc4 {[%clk 00:35:56]} {[%emt 00:00:11]} 94. Kd6
{[%clk 01:16:54]} {[%emt 00:00:06]} Ra5 {[%clk 00:36:16]} {[%emt 00:00:10]} 95.
Ke6 {[%clk 01:17:09]} {[%emt 00:00:14]} Kd4 {[%clk 00:36:40]} {[%emt 00:00:06]}
96. Kf6 {[%clk 01:17:30]} {[%emt 00:00:09]} Ke4 {[%clk 00:37:03]} {[%emt
00:00:08]} 97. Kg6 {[%clk 01:17:53]} {[%emt 00:00:06]} Kf4 {[%clk 00:37:26]}
{[%emt 00:00:07]} 98. Kh6 {[%clk 01:18:17]} {[%emt 00:00:06]} Kg4 {[%clk
00:37:45]} {[%emt 00:00:11]} 99. Kg6 {[%clk 01:18:42]} {[%emt 00:00:05]} Ra6+
{[%clk 00:38:09]} {[%emt 00:00:07]} 100. Kh7 {[%clk 01:18:59]} {[%emt
00:00:12]} Kg5 {[%clk 00:38:18]} {[%emt 00:00:21]} 101. Kg7 {[%clk 01:19:12]}
{[%emt 00:00:18]} Ra7+ {[%clk 00:38:38]} {[%emt 00:00:10]} 102. Kg8 {[%clk
01:19:32]} {[%emt 00:00:09]} Kf6 {[%clk 00:38:56]} {[%emt 00:00:12]} 103. Kh8
{[%clk 01:19:50]} {[%emt 00:00:12]} Kg6 {[%clk 00:39:16]} {[%emt 00:00:09]}
104. Kg8 {[%clk 01:20:15]} {[%emt 00:00:06]} Ra8# {[%clk 00:39:36]} {[%emt
00:00:11]} 0-1

[Event "DEM U10w 2025"]
[Site "Willingen GER"]
[Date "2025.06.08"]
[Round "2"]
[White "Vignesh, Sara"]
[Black "Mudriievskaya, Esther"]
[Result "1-0"]
[Termination "normal"]
[Board "5"]
[WhiteElo "1604"]
[BlackElo "1505"]
[WhiteClock "00:31:14"]
[BlackClock "01:18:25"]
[PlyCount "155"]
[WhiteFideId "34674756"]
[BlackFideId "34676465"]
[EventCountry "GER"]
[EventRounds "9"]
[EventType "swiss"]
[EventDate "2025.06.07"]

1. d4 {[%clk 01:30:59]} {[%emt 00:00:01]} d5 {[%clk 01:30:47]} {[%emt
00:00:12]} 2. c4 {[%clk 01:31:26]} {[%emt 00:00:04]} e6 {[%clk 01:30:54]}
{[%emt 00:00:23]} 3. Nc3 {[%clk 01:31:52]} {[%emt 00:00:04]} Be7 {[%clk
01:31:14]} {[%emt 00:00:10]} 4. cxd5 {[%clk 01:31:53]} {[%emt 00:00:23]} exd5
{[%clk 01:31:28]} {[%emt 00:00:22]} 5. Bf4 {[%clk 01:31:23]} {[%emt 00:01:00]}
c6 {[%clk 01:31:19]} {[%emt 00:00:39]} 6. e3 {[%clk 01:31:41]} {[%emt
00:00:11]} Bf5 {[%clk 01:31:06]} {[%emt 00:00:42]} 7. Bd3 {[%clk 01:31:03]}
{[%emt 00:01:10]} Bxd3 {[%clk 01:30:50]} {[%emt 00:00:44]} 8. Qxd3 {[%clk
01:31:25]} {[%emt 00:00:10]} Nf6 {[%clk 01:30:15]} {[%emt 00:01:05]} 9. Nge2
{[%clk 01:30:43]} {[%emt 00:01:11]} Nbd7 {[%clk 01:29:40]} {[%emt 00:01:04]}
10. Rc1 {[%clk 01:29:44]} {[%emt 00:01:31]} O-O {[%clk 01:29:19]} {[%emt
00:00:51]} 11. O-O {[%clk 01:29:42]} {[%emt 00:00:32]} Nh5 {[%clk 01:28:43]}
{[%emt 00:00:59]} 12. Bg3 {[%clk 01:19:13]} {[%emt 00:11:04]} Nxg3 {[%clk
01:27:35]} {[%emt 00:01:39]} 13. Nxg3 {[%clk 01:19:31]} b6 {[%clk 01:26:29]}
{[%emt 00:01:49]} 14. Nge2 {[%clk 01:14:33]} {[%emt 00:05:28]} Nf6 {[%clk
01:25:47]} {[%emt 00:01:04]} 15. Rfd1 {[%clk 01:09:30]} {[%emt 00:05:41]} Qd6
{[%clk 01:22:57]} {[%emt 00:03:14]} 16. f3 {[%clk 01:04:14]} {[%emt 00:05:52]}
Rad8 {[%clk 01:20:11]} {[%emt 00:03:15]} 17. e4 {[%clk 01:02:54]} {[%emt
00:01:48]} dxe4 {[%clk 01:14:36]} {[%emt 00:06:08]} 18. fxe4 {[%clk 01:02:51]}
{[%emt 00:00:33]} Qb4 {[%clk 01:11:20]} {[%emt 00:03:36]} 19. Rc2 {[%clk
00:54:15]} {[%emt 00:09:15]} c5 {[%clk 01:09:15]} {[%emt 00:02:22]} 20. a3
{[%clk 00:50:47]} {[%emt 00:04:13]} c4 {[%clk 01:08:01]} {[%emt 00:01:42]} 21.
axb4 {[%clk 00:42:48]} {[%emt 00:08:30]} cxd3 {[%clk 01:08:19]} {[%emt
00:00:11]} 22. Rxd3 {[%clk 00:43:10]} {[%emt 00:00:08]} Bxb4 {[%clk 01:08:37]}
{[%emt 00:00:12]} 23. e5 {[%clk 00:42:16]} {[%emt 00:01:24]} Ng4 {[%clk
01:06:29]} {[%emt 00:02:13]} 24. Rg3 {[%clk 00:36:32]} {[%emt 00:06:40]} Bxc3
{[%clk 01:02:34]} {[%emt 00:04:25]} 25. Rcxc3 {[%clk 00:30:33]} {[%emt
00:06:29]} Nh6 {[%clk 01:00:05]} {[%emt 00:02:57]} 26. Rc7 {[%clk 00:27:48]}
{[%emt 00:03:17]} Nf5 {[%clk 00:58:18]} {[%emt 00:02:15]} 27. Rg4 {[%clk
00:23:27]} {[%emt 00:04:51]} a5 {[%clk 00:56:31]} {[%emt 00:02:18]} 28. Rb7
{[%clk 00:13:48]} {[%emt 00:10:10]} Rb8 {[%clk 00:53:38]} {[%emt 00:03:22]} 29.
Rxb8 {[%clk 00:13:37]} {[%emt 00:00:42]} Rxb8 {[%clk 00:53:58]} {[%emt
00:00:11]} 30. Ng3 {[%clk 00:12:25]} {[%emt 00:01:40]} Nxg3 {[%clk 00:53:25]}
{[%emt 00:01:03]} 31. Rxg3 {[%clk 00:11:35]} {[%emt 00:01:19]} Rc8 {[%clk
00:52:07]} {[%emt 00:01:48]} 32. Rb3 {[%clk 00:11:33]} {[%emt 00:00:33]} Rc6
{[%clk 00:50:46]} {[%emt 00:01:51]} 33. d5 {[%clk 00:10:46]} {[%emt 00:01:19]}
Rg6 {[%clk 00:49:29]} {[%emt 00:01:45]} 34. d6 {[%emt 00:00:22]} Kf8 {[%clk
00:47:46]} {[%emt 00:02:03]} 35. Rxb6 {[%clk 00:11:15]} {[%emt 00:00:19]} Re6
{[%clk 00:47:31]} {[%emt 00:00:45]} 36. Rc6 {[%clk 00:05:47]} {[%emt 00:05:58]}
Ke8 {[%clk 00:46:23]} {[%emt 00:01:38]} 37. Rc5 {[%clk 00:05:35]} {[%emt
00:00:43]} a4 {[%clk 00:46:04]} {[%emt 00:00:48]} 38. Ra5 {[%clk 00:05:15]}
{[%emt 00:00:51]} Kd7 {[%clk 00:45:44]} {[%emt 00:00:49]} 39. Rxa4 {[%clk
00:04:02]} {[%emt 00:01:44]} Rxe5 {[%clk 00:46:06]} {[%emt 00:00:09]} 40. Ra7+
{[%clk 00:03:59]} {[%emt 00:00:32]} Ke6 {[%clk 00:46:20]} {[%emt 00:00:15]} 41.
Re7+ {[%clk 00:03:07]} {[%emt 00:01:23]} Kxd6 {[%clk 00:46:28]} {[%emt
00:00:21]} 42. Rxf7 {[%clk 00:02:35]} {[%emt 00:01:02]} Rg5 {[%clk 00:46:12]}
{[%emt 00:00:46]} 43. Kf2 {[%clk 00:01:56]} {[%emt 00:01:09]} Ke6 {[%clk
00:46:02]} {[%emt 00:00:41]} 44. Rb7 {[%clk 00:01:45]} {[%emt 00:00:41]} Kf6
{[%clk 00:45:32]} {[%emt 00:00:54]} 45. b4 {[%clk 00:01:26]} {[%emt 00:00:54]}
Rf5+ {[%clk 00:45:50]} {[%emt 00:00:12]} 46. Kg1 {[%clk 00:01:25]} {[%emt
00:00:31]} h6 {[%clk 00:45:18]} {[%emt 00:01:02]} 47. b5 {[%clk 00:01:45]}
{[%emt 00:00:10]} g6 {[%clk 00:45:06]} {[%emt 00:00:42]} 48. b6 {[%clk
00:01:58]} {[%emt 00:00:17]} Rb5 {[%clk 00:45:23]} {[%emt 00:00:13]} 49. Rb8
{[%clk 00:01:47]} {[%emt 00:00:42]} Ke7 {[%clk 00:45:33]} {[%emt 00:00:20]} 50.
b7 {[%clk 00:01:44]} {[%emt 00:00:33]} Kd7 {[%clk 00:45:50]} {[%emt 00:00:12]}
51. Rh8 {[%clk 00:01:31]} {[%emt 00:00:43]} Kc7 {[%clk 00:45:30]} {[%emt
00:00:51]} 52. Rxh6 {[%clk 00:01:44]} {[%emt 00:00:16]} Kxb7 {[%clk 00:45:46]}
{[%emt 00:00:14]} 53. Rxg6 {[%clk 00:02:06]} {[%emt 00:00:08]} Rb1+ {[%clk
00:46:06]} {[%emt 00:00:10]} 54. Kf2 {[%clk 00:02:20]} {[%emt 00:00:15]} Rb2+
{[%clk 00:46:33]} {[%emt 00:00:04]} 55. Kg3 {[%clk 00:02:15]} {[%emt 00:00:35]}
Rb3+ {[%clk 00:46:57]} {[%emt 00:00:07]} 56. Kh4 {[%clk 00:02:23]} {[%emt
00:00:21]} Rb4+ {[%clk 00:47:21]} {[%emt 00:00:06]} 57. g4 {[%clk 00:02:43]}
{[%emt 00:00:09]} Rb2 {[%clk 00:47:27]} {[%emt 00:00:25]} 58. h3 {[%clk
00:02:54]} {[%emt 00:00:19]} Rc2 {[%clk 00:47:30]} {[%emt 00:00:28]} 59. Kh5
{[%clk 00:02:57]} {[%emt 00:00:27]} Rc3 {[%clk 00:47:30]} {[%emt 00:00:29]} 60.
h4 {[%clk 00:03:17]} {[%emt 00:00:09]} Rc5+ {[%clk 00:47:46]} {[%emt 00:00:15]}
61. Kh6 {[%clk 00:03:28]} {[%emt 00:00:20]} Rc8 {[%clk 00:46:46]} {[%emt
00:01:29]} 62. Rg7+ {[%clk 00:03:18]} {[%emt 00:00:40]} Kc6 {[%clk 00:47:02]}
{[%emt 00:00:14]} 63. g5 {[%emt 00:00:43]} Rh8 {[%clk 00:47:17]} {[%emt
00:00:13]} 64. Rh7 {[%clk 00:03:26]} {[%emt 00:00:11]} Rf8 {[%clk 00:47:28]}
{[%emt 00:00:19]} 65. h5 {[%clk 00:03:38]} {[%emt 00:00:18]} Kd6 {[%clk
00:47:45]} {[%emt 00:00:13]} 66. g6 {[%clk 00:01:16]} {[%emt 00:02:51]} Ke6
{[%clk 00:48:04]} {[%emt 00:00:12]} 67. Kg7 {[%clk 00:29:41]} {[%emt 00:02:04]}
Ke7 {[%clk 01:18:16]} {[%emt 00:00:19]} 68. Rh8 {[%clk 00:29:30]} {[%emt
00:00:40]} Rf6 {[%clk 01:16:38]} {[%emt 00:02:02]} 69. Re8+ {[%clk 00:28:00]}
{[%emt 00:02:08]} Kxe8 {[%clk 01:16:35]} {[%emt 00:00:32]} 70. Kxf6 {[%clk
00:28:17]} {[%emt 00:00:13]} Kf8 {[%clk 01:16:59]} {[%emt 00:00:06]} 71. h6
{[%clk 00:28:40]} {[%emt 00:00:07]} Kg8 {[%clk 01:16:16]} {[%emt 00:01:12]} 72.
g7 {[%clk 00:28:58]} {[%emt 00:00:13]} Kh7 {[%clk 01:16:37]} {[%emt 00:00:10]}
73. Kf7 {[%clk 00:29:20]} {[%emt 00:00:08]} Kxh6 {[%clk 01:16:59]} {[%emt
00:00:08]} 74. g8=Q {[%clk 00:29:43]} {[%emt 00:00:07]} Kh5 {[%clk 01:17:25]}
{[%emt 00:00:03]} 75. Kf6 {[%clk 00:30:04]} {[%emt 00:00:10]} Kh4 {[%clk
01:17:42]} {[%emt 00:00:13]} 76. Qg2 {[%clk 00:30:20]} {[%emt 00:00:10]} Kh5
{[%clk 01:18:06]} {[%emt 00:00:09]} 77. Qg3 {[%clk 00:30:46]} {[%emt 00:00:04]}
Kh6 {[%clk 01:18:25]} {[%emt 00:00:12]} 78. Qh3 {[%clk 00:31:14]} {[%emt
00:00:02]} 1-0

[Event "DEM U10w 2025"]
[Site "Willingen GER"]
[Date "2025.06.08"]
[Round "2"]
[White "Winkler, Anni"]
[Black "Müller, Greta Waltraud"]
[Result "1/2-1/2"]
[Termination "normal"]
[Board "6"]
[WhiteElo "1659"]
[BlackElo "1362"]
[WhiteClock "00:51:57"]
[BlackClock "00:54:08"]
[PlyCount "62"]
[WhiteFideId "34622349"]
[BlackFideId "533043590"]
[EventCountry "GER"]
[EventRounds "9"]
[EventType "swiss"]
[EventDate "2025.06.07"]

1. e4 {[%clk 01:30:52]} {[%emt 00:00:07]} e5 {[%clk 01:30:48]} {[%emt
00:00:13]} 2. Nf3 {[%clk 01:30:49]} {[%emt 00:00:34]} Nc6 {[%clk 01:30:56]}
{[%emt 00:00:22]} 3. Bc4 {[%clk 01:30:29]} {[%emt 00:00:49]} Be7 {[%clk
01:31:09]} {[%emt 00:00:18]} 4. d4 {[%clk 01:28:57]} {[%emt 00:02:01]} exd4
{[%clk 01:30:17]} {[%emt 00:01:22]} 5. Nxd4 {[%clk 01:29:03]} {[%emt 00:00:25]}
d6 {[%clk 01:28:00]} {[%emt 00:02:46]} 6. c3 {[%clk 01:21:30]} {[%emt
00:08:02]} Nf6 {[%clk 01:27:32]} {[%emt 00:00:59]} 7. Nd2 {[%clk 01:21:09]}
{[%emt 00:00:50]} O-O {[%clk 01:27:02]} {[%emt 00:01:01]} 8. O-O {[%clk
01:21:27]} {[%emt 00:00:12]} Bd7 {[%clk 01:26:28]} {[%emt 00:01:05]} 9. Re1
{[%clk 01:20:47]} {[%emt 00:01:09]} Nxd4 {[%clk 01:25:47]} {[%emt 00:01:11]}
10. cxd4 {[%clk 01:20:59]} {[%emt 00:00:18]} b5 {[%clk 01:25:46]} {[%emt
00:00:29]} 11. Bd3 {[%clk 01:20:37]} {[%emt 00:00:52]} Be8 {[%clk 01:22:59]}
{[%emt 00:03:18]} 12. Nf3 {[%clk 01:19:19]} {[%emt 00:01:43]} c5 {[%clk
01:22:25]} {[%emt 00:01:09]} 13. dxc5 {[%clk 01:16:20]} {[%emt 00:03:30]} dxc5
{[%clk 01:22:37]} {[%emt 00:00:18]} 14. b3 {[%clk 01:15:41]} {[%emt 00:01:09]}
Rb8 {[%clk 01:21:45]} {[%emt 00:01:22]} 15. Qc2 {[%clk 01:15:22]} {[%emt
00:00:45]} Bc6 {[%clk 01:13:36]} {[%emt 00:08:41]} 16. h3 {[%clk 01:12:34]}
{[%emt 00:03:20]} h6 {[%clk 01:12:13]} {[%emt 00:01:53]} 17. Bf4 {[%clk
01:10:58]} {[%emt 00:02:05]} Rb6 {[%clk 01:11:19]} {[%emt 00:01:24]} 18. Rad1
{[%clk 01:10:39]} {[%emt 00:00:48]} Qc8 {[%clk 01:10:50]} {[%emt 00:00:57]} 19.
Re3 {[%clk 01:05:26]} {[%emt 00:05:40]} Rd8 {[%clk 01:10:05]} {[%emt 00:01:20]}
20. Ne5 {[%clk 01:04:36]} {[%emt 00:01:20]} Nh5 {[%clk 01:06:45]} {[%emt
00:03:52]} 21. Nxc6 {[%clk 01:03:58]} {[%emt 00:01:09]} Qxc6 {[%clk 01:06:08]}
{[%emt 00:01:06]} 22. Bh2 {[%clk 01:03:37]} {[%emt 00:00:50]} Rb7 {[%clk
01:00:53]} {[%emt 00:05:45]} 23. Be2 {[%clk 01:01:02]} {[%emt 00:03:02]} Rxd1+
{[%clk 01:00:42]} {[%emt 00:00:44]} 24. Bxd1 {[%clk 01:01:14]} {[%emt
00:00:19]} Qg6 {[%clk 00:59:58]} {[%emt 00:01:10]} 25. Bxh5 {[%clk 01:00:47]}
{[%emt 00:01:01]} Qxh5 {[%clk 01:00:11]} {[%emt 00:00:16]} 26. Rd3 {[%clk
00:57:49]} {[%emt 00:03:23]} c4 {[%clk 00:59:50]} {[%emt 00:01:27]} 27. Rd5
{[%clk 00:54:20]} {[%emt 00:04:24]} g5 {[%clk 00:55:56]} {[%emt 00:04:28]} 28.
Bd6 {[%clk 00:51:56]} {[%emt 00:02:43]} Bxd6 {[%clk 00:55:29]} {[%emt
00:01:10]} 29. Rxd6 {[%clk 00:52:12]} {[%emt 00:00:13]} Rc7 {[%clk 00:54:45]}
{[%emt 00:01:13]} 30. Rd8+ {[%clk 00:51:57]} {[%emt 00:00:46]} Kg7 {[%clk
00:54:45]} {[%emt 00:00:30]} 31. Qc3+ {[%clk 00:51:57]} {[%emt 00:00:28]} f6
{[%clk 00:54:08]} {[%emt 00:01:08]} 1/2-1/2